<?xml version="1.0" encoding="UTF-8"?>
<record
    xmlns:xsi="http://www.w3.org/2001/XMLSchema-instance"
    xsi:schemaLocation="http://www.loc.gov/MARC21/slim http://www.loc.gov/standards/marcxml/schema/MARC21slim.xsd"
    xmlns="http://www.loc.gov/MARC21/slim">

  <leader>00965nac a22002051u 4500</leader>
  <controlfield tag="008">101125t1978    xxu||||| |||| 00| 0 ara d</controlfield>
  <datafield tag="082" ind1=" " ind2=" ">
    <subfield code="a">610</subfield>
    <subfield code="b">&#x627; &#x633; &#x62D;</subfield>
  </datafield>
  <datafield tag="245" ind1=" " ind2=" ">
    <subfield code="a">&#x627;&#x644;&#x645;&#x633;&#x627;&#x626;&#x644; &#x641;&#x649; &#x627;&#x644;&#x637;&#x628; &#x644;&#x644;&#x645;&#x62A;&#x639;&#x644;&#x645;&#x64A;&#x646; /</subfield>
    <subfield code="c">&#x62D;&#x646;&#x64A;&#x646; &#x628;&#x646; &#x627;&#x633;&#x62D;&#x642; &#x61B; &#x62A;&#x62D;&#x642;&#x64A;&#x642; &#x648;&#x62F;&#x631;&#x627;&#x633;&#x629; &#x645;&#x62D;&#x645;&#x62F; &#x639;&#x644;&#x649; &#x623;&#x628;&#x648; &#x631;&#x64A;&#x627;&#x646; &#x60C; &#x645;&#x631;&#x633;&#x649; &#x645;&#x62D;&#x645;&#x62F; &#x639;&#x631;&#x628; &#x60C; &#x62C;&#x644;&#x627;&#x644; &#x645;&#x62D;&#x645;&#x62F; &#x645;&#x648;&#x633;&#x649;</subfield>
  </datafield>
  <datafield tag="260" ind1=" " ind2=" ">
    <subfield code="a">&#x627;&#x644;&#x642;&#x627;&#x647;&#x631;&#x629; :</subfield>
    <subfield code="b">&#x62F;&#x627;&#x631; &#x627;&#x644;&#x62C;&#x627;&#x645;&#x639;&#x627;&#x62A; &#x627;&#x644;&#x645;&#x635;&#x631;&#x64A;&#x629; &#x60C;1978</subfield>
    <subfield code="c">1978.</subfield>
  </datafield>
  <datafield tag="300" ind1=" " ind2=" ">
    <subfield code="a">504, 24 &#x635; &#x61B;</subfield>
    <subfield code="c">24 &#x633;&#x645;.</subfield>
  </datafield>
  <datafield tag="504" ind1=" " ind2=" ">
    <subfield code="a">&#x64A;&#x634;&#x62A;&#x645;&#x644; &#x639;&#x644;&#x649; &#x628;&#x628;&#x644;&#x64A;&#x648;&#x62C;&#x631;&#x627;&#x641;&#x64A;&#x629; &#x635; 474-504</subfield>
  </datafield>
  <datafield tag="511" ind1=" " ind2=" ">
    <subfield code="a">Catalogued by: Sara</subfield>
  </datafield>
  <datafield tag="650" ind1=" " ind2=" ">
    <subfield code="a">&#x627;&#x644;&#x637;&#x628;</subfield>
    <subfield code="9">17287</subfield>
  </datafield>
  <datafield tag="650" ind1=" " ind2=" ">
    <subfield code="a">&#x627;&#x644;&#x639;&#x644;&#x627;&#x62C;</subfield>
    <subfield code="9">21703</subfield>
  </datafield>
  <datafield tag="650" ind1=" " ind2=" ">
    <subfield code="a">&#x627;&#x644;&#x623;&#x645;&#x631;&#x627;&#x636; &#x60C; &#x639;&#x644;&#x645;</subfield>
    <subfield code="9">21704</subfield>
  </datafield>
  <datafield tag="700" ind1=" " ind2=" ">
    <subfield code="a">&#x623;&#x628;&#x648; &#x631;&#x64A;&#x627;&#x646; &#x60C; &#x645;&#x62D;&#x645;&#x62F; &#x639;&#x644;&#x649;</subfield>
    <subfield code="9">21287</subfield>
    <subfield code="e">&#x62A;&#x62D;&#x642;&#x64A;&#x642; &#x648;&#x62F;&#x631;&#x627;&#x633;&#x629;</subfield>
  </datafield>
  <datafield tag="700" ind1=" " ind2=" ">
    <subfield code="a">&#x639;&#x631;&#x628; &#x60C; &#x645;&#x631;&#x633;&#x649; &#x645;&#x62D;&#x645;&#x62F;</subfield>
    <subfield code="9">21288</subfield>
    <subfield code="e">&#x62A;&#x62D;&#x642;&#x64A;&#x642; &#x648;&#x62F;&#x631;&#x627;&#x633;&#x629;</subfield>
  </datafield>
  <datafield tag="700" ind1=" " ind2=" ">
    <subfield code="a">&#x645;&#x648;&#x633;&#x649; &#x60C; &#x62C;&#x644;&#x627;&#x644; &#x645;&#x62D;&#x645;&#x62F;</subfield>
    <subfield code="9">21289</subfield>
    <subfield code="e">&#x62A;&#x62D;&#x642;&#x64A;&#x642; &#x648;&#x62F;&#x631;&#x627;&#x633;&#x629;</subfield>
  </datafield>
  <datafield tag="942" ind1=" " ind2=" ">
    <subfield code="c">BB</subfield>
    <subfield code="k">610 &#x627; &#x633; &#x62D;</subfield>
    <subfield code="2">ddc</subfield>
  </datafield>
  <datafield tag="999" ind1=" " ind2=" ">
    <subfield code="c">5923</subfield>
    <subfield code="d">5923</subfield>
  </datafield>
  <datafield tag="952" ind1=" " ind2=" ">
    <subfield code="0">0</subfield>
    <subfield code="1">0</subfield>
    <subfield code="2">ddc</subfield>
    <subfield code="4">0</subfield>
    <subfield code="7">0</subfield>
    <subfield code="8">Alef-Baa</subfield>
    <subfield code="a">MAIN</subfield>
    <subfield code="b">MAIN</subfield>
    <subfield code="c">1ST</subfield>
    <subfield code="d">2007-11-08</subfield>
    <subfield code="e">purchase</subfield>
    <subfield code="o">610 &#x627; &#x633; &#x62D;</subfield>
    <subfield code="p">000007602</subfield>
    <subfield code="r">2025-07-15 00:00:00</subfield>
    <subfield code="y">BB</subfield>
  </datafield>
  <datafield tag="952" ind1=" " ind2=" ">
    <subfield code="0">0</subfield>
    <subfield code="1">0</subfield>
    <subfield code="2">ddc</subfield>
    <subfield code="4">0</subfield>
    <subfield code="7">0</subfield>
    <subfield code="8">Alef-Baa</subfield>
    <subfield code="a">MAIN</subfield>
    <subfield code="b">MAIN</subfield>
    <subfield code="c">1ST</subfield>
    <subfield code="d">2014-01-08</subfield>
    <subfield code="e">purchase</subfield>
    <subfield code="o">610 &#x627; &#x633; &#x62D;</subfield>
    <subfield code="p">000008654</subfield>
    <subfield code="r">2025-07-15 00:00:00</subfield>
    <subfield code="y">BB</subfield>
  </datafield>
</record>
